[Event "BCF-chT3S 1213 (4NCL)"]
[Site "England"]
[Date "2013.02.24"]
[Round "6.176"]
[White "Calvert, David Ian"]
[Black "Hope, Gary"]
[Result "1-0"]
[WhiteElo "1982"]
[BlackElo "1921"]
[PlyCount "81"]
[EventDate "2012.11.03"]
[EventType "team-swiss"]
[EventRounds "6"]
[EventCountry "ENG"]
[SourceTitle "EXT 2014"]
[Source "ChessBase"]
[SourceDate "2013.11.20"]
[SourceVersion "1"]
[SourceVersionDate "2013.11.20"]
[SourceQuality "1"]
[WhiteTeam "Metropolitan"]
[BlackTeam "Halesowen"]
[WhiteTeamCountry "ENG"]
[BlackTeamCountry "ENG"]

1. b3 Nf6 2. Bb2 g6 3. Bxf6 exf6 4. c4 Bg7 5. Nc3 f5 6. g3 0-0 7. Bg2 d6 8. e3 Nd7 9. Nge2 Nf6 10. 0-0 Re8 11. Rc1 c6 12. Qc2 Qe7 13. b4 Bd7 14. d3 Rac8 15. Qb1 Be6 16. b5 d5 17. cxd5 cxd5 18. Nf4 d4 19. exd4 Qa3 20. Nxe6 Rxe6 21. Qb3 Qxb3 22. axb3 Rb6 23. Nd5 Rxc1 24. Rxc1 Nxd5 25. Rc8+ Bf8 26. Bxd5 Rxb5 27. Rd8 Kg7 28. Rd7 Kh6 29. Bxf7 Bg7 30. Bc4 Ra5 31. Kg2 b5 32. Bg8 Ra2 33. h3 Rd2 34. g4 fxg4 35. hxg4 Bf8 36. Kf3 Rxd3+ 37. Ke2 Rc3 38. f4 g5 39. Rxh7+ Kg6 40. f5+ Kf6 41. Rf7# 1-0

[Event "BCF-chT3S 1213 (4NCL)"]
[Site "England"]
[Date "2013.01.12"]
[Round "3.196"]
[White "Hope, Gary"]
[Black "Price, Andrew"]
[Result "1/2-1/2"]
[WhiteElo "1921"]
[BlackElo "1878"]
[PlyCount "53"]
[EventDate "2012.11.03"]
[EventType "team-swiss"]
[EventRounds "6"]
[EventCountry "ENG"]
[SourceTitle "EXT 2014"]
[Source "ChessBase"]
[SourceDate "2013.11.20"]
[SourceVersion "1"]
[SourceVersionDate "2013.11.20"]
[SourceQuality "1"]
[WhiteTeam "Halesowen"]
[BlackTeam "Banbury Bulldogs"]
[WhiteTeamCountry "ENG"]
[BlackTeamCountry "ENG"]

1. e4 e6 2. d4 d5 3. Nd2 Nf6 4. e5 Nfd7 5. Ngf3 c5 6. c3 Nc6 7. Bd3 f6 8. 0-0 fxe5 9. dxe5 Ncxe5 10. Nxe5 Nxe5 11. Qh5+ Nf7 12. Nf3 g6 13. Bxg6 Qf6 14. Bc2 Bh6 15. Bxh6 Qxh6 16. Qxh6 Nxh6 17. Ne5 Bd7 18. f4 0-0-0 19. Rad1 Rdf8 20. g3 Nf7 21. Rfe1 Nd6 22. Nf3 Rf6 23. Ne5 Kc7 24. Rd2 h5 25. Nf3 Nf7 26. Rde2 Kd6 27. a4 1/2-1/2

[Event "BCF-chT3 0910 (4NCL)"]
[Site "England"]
[Date "2010.03.28"]
[Round "8.2"]
[White "Hope, Gary"]
[Black "Kirby, Peter J"]
[Result "1/2-1/2"]
[WhiteElo "1938"]
[BlackElo "2065"]
[PlyCount "44"]
[EventDate "2009.10.24"]
[EventType "team-tourn"]
[EventRounds "11"]
[EventCountry "ENG"]
[SourceTitle "EXT 2011"]
[Source "ChessBase"]
[SourceDate "2010.11.26"]
[SourceVersion "1"]
[SourceVersionDate "2010.11.26"]
[SourceQuality "1"]
[WhiteTeam "Halesowen"]
[BlackTeam "Guernsey Mates"]
[WhiteTeamCountry "ENG"]
[BlackTeamCountry "ENG"]

1. e4 c5 2. Nf3 Nc6 3. Bb5 g6 4. 0-0 Bg7 5. Re1 d6 6. d4 cxd4 7. Nxd4 Bd7 8. Be3 Nf6 9. Nc3 0-0 10. h3 Na5 11. Bf1 Rc8 12. Qd2 Nc4 13. Bxc4 Rxc4 14. Rad1 a6 15. b3 Rc8 16. Bg5 Bc6 17. e5 dxe5 18. Nxc6 bxc6 19. Qe2 Qa5 20. Na4 Rfe8 21. Bd2 Qb5 22. c4 Qb8 1/2-1/2